000 00724nam a22002417a 4500
003 DO-SdBNP
005 20180215111128.0
008 160718 1998 sp a spa d
020 _a8420775568
040 _aBPMSU
_bspa
_cBPMSU
100 1 _aLópez Narváez, Concha
245 1 3 _aEl gran amor de una gallina /
_cConcha López Narváez ; ilustraciones Juan Ramón Alonso.
250 _a10a. reimpr.
260 _aMadrid :
_bGrupo Anaya,
_c2006.
300 _a86 p. :
_bil. ;
_c19 cm.
490 1 _aEl duende verde
_v101
521 _aA partir de 8 años.
700 1 2 _aAlonso, Juan Ramón
_eil.
830 0 _aEl duende verde
_n101
942 _2ddc
_cBK
945 _aInventariado, 2018 /LP
956 _aYLOCKWARD
_b10
_hBPMSU
999 _c12481
_d12481